| 000 | 00721cam a22002413a 4500 | ||
|---|---|---|---|
| 001 | 24917 | ||
| 003 | PGUSA | ||
| 005 | 20140828083533.0 | ||
| 008 | 080325s2008||||xxu|||||s|||||000 | eng d | ||
| 040 |
_aPGUSA _beng |
||
| 042 | _adc | ||
| 050 | 4 | _aPQ | |
| 100 | 1 |
_aPérez Galdós, Benito, _d1843-1920 |
|
| 245 | 1 | 0 |
_aHeath's Modern Language Series : _bMariucha _h[electronic resource] / _cBenito Pérez Galdós |
| 260 |
_bProject Gutenberg, _c2008 |
||
| 506 | _aPublic domain in the USA. | ||
| 516 | _aElectronic text | ||
| 653 | _aComedies | ||
| 700 | 1 |
_aMorley, S. Griswold _q(Sylvanus Griswold), _d1878-1970 |
|
| 830 | 0 |
_aProject Gutenberg _v24917 |
|
| 856 | 4 | 0 | _uhttp://www.gutenberg.org/ebooks/24917 |
| 942 | _cEB | ||
| 999 |
_c254172 _d254172 |
||